مكتبة جامعة عجلون الوطنية

فهرس بحث المكتبة

رؤيا النقد والإبداع : قراءات في أعمال عبدالله رضوان (Record no. 34090)

MARC details
000 -LEADER
fixed length control field 00759nam a22002057a 4500
003 - CONTROL NUMBER IDENTIFIER
control field JO-AjAnu
005 - DATE AND TIME OF LATEST TRANSACTION
control field 20251014152654.0
008 - FIXED-LENGTH DATA ELEMENTS--GENERAL INFORMATION
fixed length control field 251014b jo ||||| |||| 00| 0 ara d
020 ## - INTERNATIONAL STANDARD BOOK NUMBER
International Standard Book Number 978-9957-67-059-7
022 ## - INTERNATIONAL STANDARD SERIAL NUMBER
International Standard Serial Number 790/2/2017
040 ## - CATALOGING SOURCE
Original cataloging agency ANU
Transcribing agency JO-AjAnu
041 ## - LANGUAGE CODE
Language code of original ARA
100 ## - MAIN ENTRY--PERSONAL NAME
Personal name اليوسف، سمير
Relator term معد
9 (RLIN) 66835
245 ## - TITLE STATEMENT
Title رؤيا النقد والإبداع : قراءات في أعمال عبدالله رضوان
Statement of responsibility, etc. / إعداد وتقديم سمير اليوسف
260 ## - PUBLICATION, DISTRIBUTION, ETC.
Place of publication, distribution, etc. عمان :
Name of publisher, distributor, etc. وزارة الثقافة،
Date of publication, distribution, etc. 2021
300 ## - PHYSICAL DESCRIPTION
Extent 331 صفحة
490 ## - SERIES STATEMENT
Series statement القراءة للجميع
650 ## - SUBJECT ADDED ENTRY--TOPICAL TERM
Form subdivision الادب العربي-الشعر العربي-الأردن-تاريخ ونقد-القرن 20
942 ## - ADDED ENTRY ELEMENTS (KOHA)
Source of classification or shelving scheme Library of Congress Classification
Koha item type Books
Suppress in OPAC No
Holdings
Withdrawn status Lost status Source of classification or shelving scheme Damaged status Not for loan Home library Current library Date acquired Total Checkouts Full call number Barcode Date last seen Price effective from Koha item type
    Library of Congress Classification     مكتبة جامعة عجلون الوطنية مكتبة جامعة عجلون الوطنية 14/10/2025   PJ7862.A687.Z98.2021 A30538 14/10/2025 14/10/2025 Books
    Library of Congress Classification     مكتبة جامعة عجلون الوطنية مكتبة جامعة عجلون الوطنية 14/10/2025   PJ7862.A687.Z98.2021 A30537 14/10/2025 14/10/2025 Books